| 000 | 00768nam a2200241Ia 4500 | ||
|---|---|---|---|
| 005 | 20250508165511.0 | ||
| 008 | 008 250505s9999 xx 000 0 eng d | ||
| 020 | _a978-0-415-46903-6 | ||
| 037 | _aTextBook | ||
| 040 |
_aFEDL _beng _cFEDL |
||
| 041 |
_aeng _2eng |
||
| 084 |
_a428.007 1, WYS/R _qFEDL |
||
| 100 | _aWyse Dominic Ed. | ||
| 245 | 0 | _aRoutledge international handbook of english, language and literacy teaching | |
| 260 |
_aLondon, UK _bRoutledge _c2010 |
||
| 300 | _axxiv, 556p. | ||
| 365 |
_aINR _b550 |
||
| 490 | _aThe Routledge international Handbook Series | ||
| 546 | _aSpeical edition, 2014 | ||
| 700 |
_a Andrews Richard Ed. Hoffman James Ed. _9781030 |
||
| 942 |
_cTB _h428.007 1, WYS/R |
||
| 999 |
_c1395476 _d1395476 |
||